000 01708cam a22004217a 4500
003 CHAP
005 20251202083412.0
008 971013d1993 mx a r 00110 spa d
010 _a9239
011 _a10211
035 _a9448
040 _cCHAP
082 0 4 _a338.9
_bF48
100 0 0 _aFerrara-Cerrato, Ronald
_eed.
_940370
245 1 0 _aAgroecología, sostenibilidad y educación
_c/ed. por Ronald Ferrara-Cerrato
260 _aMontecillo, Méx. :
_bColegio de Postgraduados. Centro de Edafología,
_c1993.
300 _a265 p.
_b: ilus
590 _aBATCH-UPD
_b10
_c20130109
_lUCH01
_h2342
590 _aBATCH-UPD
_b10
_c20130110
_lUCH01
_h1007
590 _aBATCH-UPD
_b10
_c20130409
_lUCH01
_h1912
590 _aBATCH-UPD
_b10
_c20130410
_lUCH01
_h0616
590 _aBATCH-UPD
_b10
_c20130913
_lUCH01
_h2217
590 _aBATCH-UPD
_b10
_c20130914
_lUCH01
_h1248
590 _aCONVERSION
_b10
_c20130109
_lUCH01
_h1306
650 1 4 _aAgricultura sustentable.
650 1 4 _aChinampas.
_922577
650 1 4 _aEcología agrícola.
_935165
650 1 4 _aEcología agrícola
_xEstudio y enseñanza.
_935168
700 1 _aQuintero Lizaola, Roberto
_eed.
_993423
711 0 _aSimposio Internacional sobre Agroecología, Sostenibilidad y Educación (1 : 1992 : Montecillo, Méx.)
_9106276
901 _aBK
942 _cLIBRO
949 _a338.9 F48
_bBC
_cCONG
_d33724000121109
_eCONG
_fc.2
_h85679
_i9448
_mD
_si
949 _a338.9 F48
_bBC
_cLIBRO
_d33724000607230
_eLIBRO
_fc.3
_h91231
_i9448
_mD
_si
949 _a338.9 F48
_bBC
_cLIBRO
_d33724000726766
_eLIBRO
_fc.4
_h95477
_i9448
_si
949 _a338.9 F48
_bBC
_cLIBRO
_d33724000888947
_eLIBRO
_fc.5
_h97159
_i9448
_sb
949 _a338.9 F48
_bBC
_cUACH
_d-20114
_eUACH
_h85678
_i9448
_mD
_si
999 _c9239
_d9239